¿El testador quiere o no quiere a sus sobrinos? / (Registro nro. 5306)
[ vista simple ]
| 000 -LEADER | |
|---|---|
| fixed length control field | 01425nab a22002657a 4500 |
| 003 - CONTROL NUMBER IDENTIFIER | |
| control field | OSt |
| 005 - DATE AND TIME OF LATEST TRANSACTION | |
| control field | 20250217211630.0 |
| 008 - FIXED-LENGTH DATA ELEMENTS--GENERAL INFORMATION | |
| fixed length control field | 190603e xxum|||| |||| 00| 0 spa d |
| 040 ## - CATALOGING SOURCE | |
| Transcribing agency | PJ-TDF |
| 100 ## - MAIN ENTRY--PERSONAL NAME | |
| 9 (RLIN) | 4895 |
| Personal name | Moyano, Mauricio |
| 245 10 - TITLE STATEMENT | |
| Title | ¿El testador quiere o no quiere a sus sobrinos? / |
| Statement of responsibility, etc | Mauricio Moyano. |
| 260 ## - PUBLICATION, DISTRIBUTION, ETC. (IMPRINT) | |
| Date of publication, distribution, etc | Ciudad Autónoma de Buenos Aires : |
| Place of publication, distribution, etc | Thomson Reuters La Ley, |
| Name of publisher, distributor, etc | 2023. |
| 300 ## - PHYSICAL DESCRIPTION | |
| Extent | p. 185-187 |
| 500 ## - GENERAL NOTE | |
| General note | Cita: TR LALEY AR/DOC/1484/2023. |
| 505 ## - FORMATTED CONTENTS NOTE | |
| Formatted contents note | Sumario: I. Introducción.— II. La aplicación de la ley en el tiempo respecto de los testamentos.— III. ¿Siempre se encuentra legitimado el cesionario para intentar excluir a un heredero?— IV. La nueva solución del Cód. Civ. y Com. respecto del derecho de representación en la sucesión testamentaria (nuevamente aplicando la teoría del afecto presunto). |
| 505 ## - FORMATTED CONTENTS NOTE | |
| Title | Fallo comentado: CNCiv., sala L, 07/03/2023. - R., J. E. s/ sucesión testamentaria. |
| 505 ## - FORMATTED CONTENTS NOTE | |
| Title | ¿Te interesa el texto completo? Solicitalo al correo: koha@justierradelfuego.gov.ar |
| 650 #0 - SUBJECT ADDED ENTRY--TOPICAL TERM | |
| 9 (RLIN) | 888 |
| Topical term or geographic name as entry element | SUCESIONES |
| 650 #0 - SUBJECT ADDED ENTRY--TOPICAL TERM | |
| 9 (RLIN) | 1115 |
| Topical term or geographic name as entry element | TESTAMENTOS |
| 650 #0 - SUBJECT ADDED ENTRY--TOPICAL TERM | |
| 9 (RLIN) | 4484 |
| Topical term or geographic name as entry element | TESTAMENTO OLÓGRAFO |
| 650 #0 - SUBJECT ADDED ENTRY--TOPICAL TERM | |
| 9 (RLIN) | 6359 |
| Topical term or geographic name as entry element | DERECHO DE REPRESENTACION |
| 650 #0 - SUBJECT ADDED ENTRY--TOPICAL TERM | |
| 9 (RLIN) | 1497 |
| Topical term or geographic name as entry element | CODIGO CIVIL Y COMERCIAL |
| 773 0# - HOST ITEM ENTRY | |
| Host Biblionumber | 2713 |
| Host Itemnumber | 3170 |
| Place, publisher, and date of publication | Ciudad Autónoma de Buenos Aires : Thomson Reuters La Ley, 2015- |
| Title | Revista Código Civil y Comercial. Nº 5 - Octubre 2023 |
| 942 ## - ADDED ENTRY ELEMENTS (KOHA) | |
| Source of classification or shelving scheme | |
| Koha item type | Analítica Artículo de Revista |
No hay ítems disponibles.
